000 00506nam a2200169 i 4500
001 56155
003 ES-MaACL
005 20230906163309.0
007 t|
008 031003s1974 sp ||||1| spa d
100 1 _aDíaz-Plaja, Guillermo,
_d1909-1984
_9162428
245 1 0 _aAl pie de la poesía
_b: páginas críticas 1971-1973 /
_cGuillermo Díaz-Plaja.
260 _aMadrid :
_bEditora Nacional,
_c[1974]
300 _a232 p. ;
_c18 cm.
852 _aES-MaACL
_jE-6721
_bR.91278
999 _c56155
_d56155